Extracellular and intracellular signaling (Record no. 43033)
[ view plain ]
| 000 -LEADER | |
|---|---|
| fixed length control field | 00692nam a2200181 a 4500 |
| 008 - FIXED-LENGTH DATA ELEMENTS--GENERAL INFORMATION | |
| fixed length control field | 160609s2011 ||||||||||||||||| || u |
| 020 ## - INTERNATIONAL STANDARD BOOK NUMBER | |
| International Standard Book Number | 9781849731607 |
| 050 ## - LIBRARY OF CONGRESS CALL NUMBER | |
| Classification number | QP 752 Ext |
| 100 ## - MAIN ENTRY--PERSONAL NAME | |
| Personal name | Adams, James D |
| 245 10 - TITLE STATEMENT | |
| Title | Extracellular and intracellular signaling |
| Statement of responsibility, etc. | Edited By James D. Adams and Keith K. Parker |
| 260 ## - PUBLICATION, DISTRIBUTION, ETC. | |
| Place of publication, distribution, etc. | Cambridge |
| Name of publisher, distributor, etc. | RSC Publishing |
| Date of publication, distribution, etc. | 2011 |
| 300 ## - PHYSICAL DESCRIPTION | |
| Extent | xiii, 303p.: ill. |
| 350 ## - PRICE (NR) (BK AM CF MU VM SE) [OBSOLETE] | |
| Price | 213.00 |
| 490 ## - SERIES STATEMENT | |
| Series statement | RSC Drug Discovery Series |
| 650 ## - SUBJECT ADDED ENTRY--TOPICAL TERM | |
| Topical term or geographic name entry element | CELLULAR SIGNAL TRANSDUCTION |
| 700 ## - ADDED ENTRY--PERSONAL NAME | |
| Personal name | Parker, Keith K |
| 995 ## - RECOMMENDATION 995 [LOCAL, UNIMARC FRANCE] | |
| -- | CBU-MAIN LIBRARY (Kitwe) |
| -- | 213.00 |
| -- | 1 |
| -- | AVAILABLE |
| -- | Jul 21, 2016 |
| -- | Main Library Open Access Collection |
| Withdrawn status | Lost status | Source of classification or shelving scheme | Damaged status | Not for loan | Home library | Current library | Shelving location | Date acquired | Total Checkouts | Full call number | Barcode | Date last seen | Price effective from | Koha item type |
|---|---|---|---|---|---|---|---|---|---|---|---|---|---|---|
| CBU-MAIN LIBRARY, KITWE. | CBU-MAIN LIBRARY, KITWE. | 11/30/2022 | QP 752 Ext | 746062 | 11/30/2022 | 11/30/2022 | MONOGRAPH |